A megyei sport eredményei és feladatai beszélgetés Szabó G. Lászlóval, a megyei tanács elnökhelyettesével /
Elmentve itt :
| Szerzők: | |
|---|---|
| Dokumentumtípus: | Cikk |
| Megjelent: |
1982-01-16
|
| Sorozat: | Délmagyarország
72 No. 13 |
| Kulcsszavak: | Csongrád megye, Sport Csongrád megye |
| Online Access: | http://dmarchiv.bibl.u-szeged.hu/85847 |
| LEADER | 00606nab a2200169 i 4500 | ||
|---|---|---|---|
| 001 | delm85847 | ||
| 005 | 20190625094303.0 | ||
| 008 | 190625s1982 hu o 0|| hun d | ||
| 040 | |a SZTE Délmagyarország Archívum |b hun | ||
| 041 | |a hun | ||
| 100 | 2 | |a Szabó G. László | |
| 245 | 1 | 2 | |a A megyei sport eredményei és feladatai |h [elektronikus dokumentum] : |b beszélgetés Szabó G. Lászlóval, a megyei tanács elnökhelyettesével / |c Szabó G. László |
| 260 | |c 1982-01-16 | ||
| 300 | |a 10 | ||
| 490 | 0 | |a Délmagyarország |v 72 No. 13 | |
| 695 | |a Csongrád megye, Sport Csongrád megye | ||
| 700 | 0 | 1 | |a Süli József |e aut |